00727nam a2200217 a 450000100060000000300080000600500170001400800410003102000280007202000220010003500190012204000270014104100080016808200260017610000470020224500800024926000640032930000330039350400510042665100320047758421BD-RjUL20211209080622.0161218s1988 enkab b s001 0 eng  a0520058372 (alk. paper) a0520062930 (pbk.) a(BD-RjUL)58545 aDLCcDLCdBD-RjULbeng aeng00a330.952223bSMN 19881 aSmith, Thomas C.q(Thomas Carlyle),d1916-10aNative sources of Japanese industrialization, 1750-1920 /cThomas C. Smith. aBerkeley, Calif. :bUniversity of California Press,cc1988. aix, 278 p. :bill. ;c24 cm. aIncludes bibliographical references and index. 0aJapanxEconomic conditions.